Detalles MARC
| 000 -LEADER |
| fixed length control field |
01718nam a2200313 i 4500 |
| 003 - CONTROL NUMBER IDENTIFIER |
| control field |
DO-SdBPM |
| 005 - DATE AND TIME OF LATEST TRANSACTION |
| control field |
20260225105558.0 |
| 007 - PHYSICAL DESCRIPTION FIXED FIELD--GENERAL INFORMATION |
| fixed length control field |
ta |
| 008 - FIXED-LENGTH DATA ELEMENTS--GENERAL INFORMATION |
| fixed length control field |
210422b2021 dr ac||| |||| 00| 0 spa d |
| 020 #4 - INTERNATIONAL STANDARD BOOK NUMBER |
| International Standard Book Number |
9789993431589 |
| 040 ## - CATALOGING SOURCE |
| Original cataloging agency |
DO-SdBPM |
| Language of cataloging |
spa |
| Transcribing agency |
BPMSU |
| Description conventions |
rda |
| 041 ## - LANGUAGE CODE |
| Language code of original |
spa |
| 082 04 - DEWEY DECIMAL CLASSIFICATION NUMBER |
| Classification number |
920.2 |
| Item number |
B582d 2021 |
| Edition number |
22 |
| 245 00 - TITLE STATEMENT |
| Title |
Biblioteca Nacional Pedro Henríquez Ureña : |
| Remainder of title |
directores (1971-2021) / |
| Statement of responsibility, etc. |
compilador, Ramón Saba |
| 264 #4 - PRODUCTION, PUBLICATION, DISTRIBUTION, MANUFACTURE, AND COPYRIGHT NOTICE |
| Place of production, publication, distribution, manufacture |
Santo Domingo : |
| Name of producer, publisher, distributor, manufacturer |
Biblioteca Nacional Pedro Henríquez Ureña (BNPHU), |
| Date of production, publication, distribution, manufacture, or copyright notice |
©2021. |
| 300 ## - PHYSICAL DESCRIPTION |
| Extent |
79 páginas : |
| Other physical details |
ilustraciones ; retratos ; |
| Dimensions |
24 cm. |
| 336 ## - CONTENT TYPE |
| Content type term |
texto |
| Content type code |
txt |
| Source |
rdacontent |
| 337 ## - MEDIA TYPE |
| Media type term |
sin mediación |
| Media type code |
n |
| Source |
sin mediación |
| 338 ## - CARRIER TYPE |
| Carrier type term |
volumen |
| Carrier type code |
nc |
| Source |
rdacarrier |
| 490 0# - SERIES STATEMENT |
| Series statement |
Colección de la Biblioteca Nacional Pedro Henríquez Ureña |
| 505 0# - FORMATTED CONTENTS NOTE |
| Formatted contents note |
Medio siglo. Rafael Peralta Romero -- |
| Title |
Pedro René Contín Aybar -- |
| -- |
Anaiboní Guerrero Báez -- |
| -- |
Pedro Gil Iturbides -- |
| -- |
Tomás Báez Díaz -- |
| -- |
Pedro B. Purcell Peña -- |
| -- |
Tony Raful Tejada -- |
| -- |
Pedro Fernández Pellerano (Pedro Peix) -- |
| -- |
Nolberto Luis Soto -- |
| -- |
Cándido Gerón -- |
| -- |
César A. Herrera Cabral -- |
| -- |
Antonio Fernández Spencer -- |
| -- |
Élida Jiménez Victorio -- |
| -- |
Diómedes Núñez Polanco -- |
| -- |
Andrés L. Mateo -- |
| -- |
Diógenes Céspedes -- |
| -- |
Rafael Peralta Romero -- |
| -- |
Datos históricos por Diógenes Valdez. |
| 590 ## - LOCAL NOTE (RLIN) |
| Local note |
Inventariado, 2026 / VM |
| 650 #7 - SUBJECT ADDED ENTRY--TOPICAL TERM |
| Topical term or geographic name as entry element |
Directores de bibliotecas |
| Geographic subdivision |
República Dominicana |
| Chronological subdivision |
1971-2021 |
| Form subdivision |
Biografías |
| 650 #7 - SUBJECT ADDED ENTRY--TOPICAL TERM |
| Topical term or geographic name as entry element |
Bibliotecas nacionales |
| General subdivision |
Administración |
| Chronological subdivision |
1971-2021 |
| 700 1# - ADDED ENTRY--PERSONAL NAME |
| Personal name |
Saba, Ramón, |
| Dates associated with a name |
1948- |
| Relator term |
compilador |
| Relator code |
comp. |
| 710 2# - ADDED ENTRY--CORPORATE NAME |
| Corporate name or jurisdiction name as entry element |
Biblioteca Nacional Pedro Henríquez Ureña |
| 910 ## - USER-OPTION DATA (OCLC) |
| User-option data |
VMateo V. Control de calidad BPMSU |
| 942 ## - ADDED ENTRY ELEMENTS (KOHA) |
| Source of classification or shelving scheme |
Dewey Decimal Classification |
| Koha item type |
Libros |